Oslo /

Uloženo v:
Hlavní autor: Berglund, Nina Kay (Autor)
Další autoři: Ham, Anthony (Autor), Vránek, Martin (Autor)
Médium: Kniha
Jazyk:Czech
Vydáno: V Brně : Lingea, 2026
Vydání:2. vydání
Edice:Průvodce do kapsy (Lingea)
Témata:
Celkem bylo vypůjčeno:0x
Tagy:
Žádné tagy
LEADER 01497nam a2200421 i 4500
001 106212
003 CZ PrSKC
005 20260428152333.0
007 ta
008 260415s2026 xr a e f 001 0 cze d
020 |a 9788077002110  |q (brožováno) :  |c Kč 259.00 
040 |a KLG001  |b cze  |e rda 
041 1 |a cze  |h eng 
072 7 |a 913(4)  |x Geografie Evropy, reálie, cestování  |2 Konspekt  |9 7 
080 |a 913(481)  |2 MRF 
080 |a (036)913  |2 MRF 
100 1 |a Berglund, Nina Kay  |4 aut 
240 1 0 |a Mini rough guide to Oslo.  |l Česky 
245 1 0 |a Oslo /  |c autoři: Nina Kay Berglund, Anthony Ham ; překlad: Martin Vránek 
250 |a 2. vydání 
264 1 |a V Brně :  |b Lingea,  |c 2026 
300 |a 142 stran :  |b barevné ilustrace ;  |c 15 cm 
336 |a text  |b txt  |2 rdacontent 
337 |a bez média  |b n  |2 rdamedia 
338 |a svazek  |b nc  |2 rdacarrier 
490 1 |a Průvodce do kapsy 
500 |a Přeloženo z angličtiny 
500 |a Obsahuje rejstřík 
651 7 |a Oslo (Norsko)  |7 ge259811  |x reálie  |2 czenas 
655 7 |a turistické průvodce  |7 fd133738  |2 czenas 
700 1 |a Ham, Anthony  |7 xx0046885  |4 aut  |9 27809 
700 1 |a Vránek, Martin  |4 trl 
710 2 |a Lingea (firma)  |7 ko2003165020  |4 pbl  |9 616 
830 0 |a Průvodce do kapsy (Lingea) 
910 |a UOG502 
942 |2 ddc  |c KN 
999 |d 106212 
993 |0 0  |1 421180106938  |2 ddc  |4 0  |6 908_400000000000000  |7 0  |9 99555  |b 0  |c 106938  |d 2026-04-28  |e 0  |f DOSP  |g 908.4  |h 259.00  |i Koupě  |l DOSP  |r 2026-04-28  |t 5  |w 2026-04-28  |y KN  |z NAUCNA  |n